LEADER 01368nam a2200301 u 4500 001 000000081505 003 CaOOAMICUS 005 20070226123749.0 008 050323r20031966be u000 u fre u 020 $a2503515347 035 $a11035776 040 $aPUL$bita 100 1 $aLévi, Sylvain,$d1863-1935.$0(OLS)http://pul/name/54316 245 13$aLa doctrine du sacrifice dans les br?hma&.Inas /$cpar Sylvain Lévi ; préface de Louisw Renou ; postface de Charles Malamoud. 260 $aTurnhout :$bBrepols,$cc2003. 300 $axi, 203 p. ;$c24 cm 490 1 $aBibliothèque de l'Ecole des hautes études.$aSciences religieuses ;$v118 500 $aRistampa anastatica dell'edizione del 1966. 500 $aInclude indice. 504 $aBibliografia in nota. 650 4$aFilosofia indiana$xStudi.$0(OLS)http://pul/subject/13356 830 0$aBibliothèque de l'Ecole des hautes études.$pSciences religieuses ;$v118.$0(OLS)http://pul/title/13429 850 $aPUL 852 $aPUL$W1$xSL Religione 1$y3$m52 I 118$j103949$nBK-PRI$b $qStampati$B103949$CPULBib$Z2$F103949 $HPUL97458 $81 941 1 $a8 996 $6020$a2503515347$9(OLS)http://pul/number/107991 996 $6245$aLa doctrine du sacrifice dans les br?hma&.Inas$9(OLS)http://pul/title/106592 996 $6260$aTurnhout :$bBrepols$9(OLS)http://pul/publisher/47850 LEADER 01550nam a2200337 u 4500 001 000000047921 003 CaOOAMICUS 005 20070226114935.0 008 000313s1995 be u000 u fre u 020 $a2872990445 035 $a10843502 040 $aPUL$bita 041 1 $afre$hita 100 1 $aMelina, Livio,$csac.,$d1952-$0(OLS)http://pul/name/7558 240 10$aMorale tra crisi e rinnovamento.$lFrancese.$0(OLS)http://pul/title/64512 245 13$aLa morale entre crise et renouveau :$bles absolus moraux, l'option fondamentale, la formation de la conscience /$cLivio Melina ; traduit de l'italien par Antoine Birot ; [préface de J. L. Bruguès]. 260 $aBruxelles :$bCulture et vérité,$cc1995. 300 $a136 p. ;$c23 cm 490 1 $aPrésences ;$v12 500 $aContiene indici. 504 $a"Bibliographie": pp. 135-136. 650 4$aTeologia morale.$0(OLS)http://pul/subject/1500 650 4$aEtica cattolica.$0(OLS)http://pul/subject/1157 830 0$aPrésences ;$v12.$0(OLS)http://pul/title/64514 850 $aPUL 852 $aPUL$W1$xSL Religione 1$y3$m37 A 195$j63951$nBK-PRI$b $qStampati$B63951$CPULBib$Z2$F63951 $H $81 941 1 $a8 961 $aINV: 80365 996 $6020$a2872990445$9(OLS)http://pul/number/60036 996 $6245$aLa morale entre crise et renouveau :$bles absolus moraux, l'option fondamentale, la formation de la conscience$9(OLS)http://pul/title/64513 996 $6260$aBruxelles :$bCulture et vérité$9(OLS)http://pul/publisher/66960